000 00693nam a2200229 u 4500
005 20240522063713.0
008 170222s2008 mx r 000 0 spa d
020 _a9789709600612
035 _aUPN01000216231
049 _aI
050 4 _aPZ75
_bG6.63
100 1 _aGómez Benet, Nuria
_935602
245 1 0 _aPara más señas, Laura /
_cNuria Gómez Benet.
260 _aMéxico :
_bCONAPRED,
_c2008.
300 _a29 p. :
_bil. col.
440 0 _aKipatla.
_pPara tratarnos igual
650 4 _aDISCRIMINACION -
_vLITERATURA INFANTIL
_923110
650 2 _aSordos
_96005
650 4 _aDiscriminación hacia las personas con discapacidad
_911285
905 _aInfantil
999 _c188331
_d188331